EA Sports FC 24 Cover Stars - Statistics

General Stats
  • This quiz has been taken 1,825 times
  • The average score is 21 of 31
Answer Stats
Country Answer Sex % Correct
South Korea Heung-min Son 1
95%
Norway Erling Haaland 1
94%
Brazil Pelé 1
93%
Netherlands Virgil van Dijk 1
93%
England Jude Bellingham 1
92%
France Zinedine Zidane 1
92%
Brazil Vinícius Junior 1
91%
England Bukayo Saka 1
90%
Ivory Coast Didier Drogba 1
90%
England Marcus Rashford 1
90%
England David Beckham 1
89%
Netherlands Johan Cruyff 1
88%
Sweden Alexander Isak 1
86%
Brazil Ronaldinho 1
86%
Italy Andrea Pirlo 1
84%
Brazil Marquinhos 1
84%
Australia Sam Kerr 2
81%
Italy Federico Chiesa 1
79%
Argentina Enzo Fernández 1
76%
Germany Rudi Völler 1
61%
Argentina Juan Román Riquelme 1
59%
Germany Youssoufa Moukoko 1
53%
Spain Alexia Putellas 2
50%
Germany Alexandra Popp 2
46%
Brazil Marta 2
36%
United States Mia Hamm 2
29%
France Selma Bacha 2
29%
England Alex Scott 2
23%
United States Trinity Rodman 2
17%
England Leah Williamson 2
12%
Colombia Leicy Santos 2
10%
No matching quizzes found
Score Distribution
Percent of People with Each Score
Percentile by Number Answered
Your Score History
You have not taken this quiz